Urban planning and development authorities (Record no. 1266375)

MARC details
000 -LEADER
fixed length control field 00462nam a2200181Ia 4500
005 - DATE AND TIME OF LATEST TRANSACTION
control field 20250317131030.0
008 - FIXED-LENGTH DATA ELEMENTS--GENERAL INFORMATION
fixed length control field 008 250317s9999 xx 000 0 eng d
040 ## - CATALOGING SOURCE
Original cataloging agency FMSL
Language of cataloging eng
Transcribing agency FMSL
041 ## - LANGUAGE CODE
Language code of text/sound track or separate title eng
Source of code eng
084 ## - COLON CLASSIFICATION NUMBER
Assigning agency FMSL
100 ## - MAIN ENTRY--PERSONAL NAME
Personal name I.I.PA
9 (RLIN) 746400
245 #0 - TITLE STATEMENT
Title Urban planning and development authorities
260 ## - PUBLICATION, DISTRIBUTION, ETC.
Place of publication, distribution, etc. I.I.P.A
Name of publisher, distributor, etc. I.I.P.A
Date of publication, distribution, etc. 1978
300 ## - PHYSICAL DESCRIPTION
Extent 237p
942 ## - ADDED ENTRY ELEMENTS (KOHA)
Koha item type Textbook

No items available.

Copyright @ Delhi University Library System